000 01357nam a2200265 a 4500
001 22573
003 CO-ViMGA
008 141112s2004 ck r 000 u spa d
020 _a8434224097
040 _aCO-ViMGA
_bspa
_cCO-ViMGA
082 0 4 _a739.22 C634o
100 1 _aCodina, Carles
_932093
245 1 0 _aOrfebrería
260 _aEspaña :
_bParramón,
_c2005
300 _a160
490 _aColección artes y oficios
505 _aTecnicas de platería : La plateria, recursos y procedimientos, trabajos con hilo, pasar un collar, platino 6 - 30 - - Fundición y estampación artesanales : Tecnicas de fundicion alternativas, preparacion de modelos para fundir, estampación en el metal 48 - 65 - - Gemas : Piedras preciosas, la talla de piedras preciosas, un tallador 72 - 88 - - Concepto de imagen : Cuatro conceptos de creacion, imagen y empresa, la fotografia en joyeria 94 - 104 - - Galeria, Juego de cafe, anilllos cuadrados, prisma, pendientes, esclavas, broches 114 - 152
590 _aForma de adquisición : Compra - - Precio : 90.000 - - Proveedor : Compra - - Fecha de adquisición : 2008
650 1 4 _a2 : ORFEBRERIA - EQUIPO Y ACCESORIOS
_932094
650 1 4 _a3 : ORFEBRERIA - TECNICAS
_932095
650 1 4 _a4 : DISEÑO DE JOYAS
_932096
650 1 4 _a5 : JOYERIA
_932097
650 1 4 _aORFEBRERIA
_932098
942 _2ddc
_cBK
999 _c30874
_d30874